00300nam a2200121Ia 4500008004600000041000800046082001100054100001600065245003700081260004100118300001100159440000800170240112s1973 JULY xx 000 0 und d aeng a618.05 aFARBER S.J. aAMERICAN JOU. OF MEDICAL SCIENCE bCHARLES B. SLACK INS.PUB.c1973 JULY a476,HB v266